<?xml version="1.0" encoding="UTF-8"?>
<record
    xmlns:xsi="http://www.w3.org/2001/XMLSchema-instance"
    xsi:schemaLocation="http://www.loc.gov/MARC21/slim http://www.loc.gov/standards/marcxml/schema/MARC21slim.xsd"
    xmlns="http://www.loc.gov/MARC21/slim">

  <leader>03191nam a22003975i 4500</leader>
  <controlfield tag="001">22321904</controlfield>
  <controlfield tag="003">CSPC</controlfield>
  <controlfield tag="005">20260309102523.0</controlfield>
  <controlfield tag="008">211124s2022    nju           000 0 eng  </controlfield>
  <datafield tag="010" ind1=" " ind2=" ">
    <subfield code="a">  2021951353</subfield>
  </datafield>
  <datafield tag="020" ind1=" " ind2=" ">
    <subfield code="a">9781119149224</subfield>
    <subfield code="q">(paperback)</subfield>
  </datafield>
  <datafield tag="040" ind1=" " ind2=" ">
    <subfield code="a">DLC</subfield>
    <subfield code="b">eng</subfield>
    <subfield code="e">rda</subfield>
    <subfield code="c">DLC</subfield>
    <subfield code="d">CSPC</subfield>
  </datafield>
  <datafield tag="042" ind1=" " ind2=" ">
    <subfield code="a">pcc</subfield>
  </datafield>
  <datafield tag="050" ind1="0" ind2="0">
    <subfield code="a">QA76.73.P224</subfield>
    <subfield code="b">D83 2022</subfield>
  </datafield>
  <datafield tag="082" ind1="0" ind2="0">
    <subfield code="a">005.2762</subfield>
    <subfield code="b">D858p</subfield>
    <subfield code="2">23</subfield>
  </datafield>
  <datafield tag="100" ind1="1" ind2=" ">
    <subfield code="a">Duckett, Jon,</subfield>
    <subfield code="e">author.</subfield>
  </datafield>
  <datafield tag="245" ind1="1" ind2="0">
    <subfield code="a">PHP &amp; MySQL :</subfield>
    <subfield code="b">server-side web development / </subfield>
    <subfield code="c">Jon Duckett ; design by Emme Stone and additional material by Chris Ullman.</subfield>
  </datafield>
  <datafield tag="263" ind1=" " ind2=" ">
    <subfield code="a">2201</subfield>
  </datafield>
  <datafield tag="264" ind1=" " ind2="1">
    <subfield code="a">Hoboken, New Jersey :</subfield>
    <subfield code="b">John Wiley &amp; Sons, Inc.,</subfield>
    <subfield code="c">2022.</subfield>
  </datafield>
  <datafield tag="300" ind1=" " ind2=" ">
    <subfield code="a">668 pages :</subfield>
    <subfield code="b">illustrations (some color) ;</subfield>
    <subfield code="c">24 cm.</subfield>
  </datafield>
  <datafield tag="336" ind1=" " ind2=" ">
    <subfield code="a">text</subfield>
    <subfield code="b">txt</subfield>
    <subfield code="2">rdacontent</subfield>
  </datafield>
  <datafield tag="337" ind1=" " ind2=" ">
    <subfield code="a">unmediated</subfield>
    <subfield code="b">n</subfield>
    <subfield code="2">rdamedia</subfield>
  </datafield>
  <datafield tag="338" ind1=" " ind2=" ">
    <subfield code="a">volume</subfield>
    <subfield code="b">nc</subfield>
    <subfield code="2">rdacarrier</subfield>
  </datafield>
  <datafield tag="500" ind1=" " ind2=" ">
    <subfield code="a">Includes index.</subfield>
  </datafield>
  <datafield tag="505" ind1="0" ind2=" ">
    <subfield code="a">Section A. Basic programming instructions -- Variables, expressions &amp; operators -- Control structures -- Functions -- Objects &amp; classes -- Section B. Dynamic web pages -- Built-in functions -- Getting data from browsers -- Images &amp; files -- Dates &amp; times -- Cookies &amp; sessions -- Error handling -- Section C. Database driven websites -- Structured query language -- Get &amp; show data from a database -- Updating data in a database -- Section D. Extending the sample application -- Refactoring &amp; dependency injection -- Namespaces &amp; libraries -- membership -- Adding functionality.</subfield>
  </datafield>
  <datafield tag="520" ind1=" " ind2=" ">
    <subfield code="a">"Learn PHP, the programming language used to build sites like Facebook, Wikipedia and WordPress, then discover how these sites store information in a database (MySQL) and use the database to create the web pages.This full-color book is packed with inspiring code examples, infographics and photography that not only teach you the PHP language and how to work with databases, but also show you how to build new applications from scratch. It demonstrates practical techniques that you will recognize from popular sites where visitors can: register as a member and log in; create articles, posts and profiles that are saved in a database; upload their own images and files; automatically receive email notifications; like and comment on posts. To show you how to apply the skills you learn, you will build a complete content management system, enhanced with features that are commonly seen on social networks. Written by best-selling HTML &amp; CSS and JavaScript &amp; jQuery author Jon Duckett, this book uses a unique visual approach, with step-by-step instructions, practical code examples and pro tips that will teach you how to build modern database-driven websites using PHP" -- from Publisher.</subfield>
  </datafield>
  <datafield tag="650" ind1=" " ind2="0">
    <subfield code="a">PHP (Computer program language).</subfield>
  </datafield>
  <datafield tag="650" ind1=" " ind2="0">
    <subfield code="a">Web site development.</subfield>
  </datafield>
  <datafield tag="650" ind1=" " ind2="0">
    <subfield code="a">SQL (Computer program language).</subfield>
  </datafield>
  <datafield tag="700" ind1="1" ind2=" ">
    <subfield code="a">Stone, Emme,</subfield>
    <subfield code="e">designer.</subfield>
  </datafield>
  <datafield tag="700" ind1="1" ind2=" ">
    <subfield code="a">Ullman, Chris,</subfield>
    <subfield code="e">contributor.</subfield>
  </datafield>
  <datafield tag="906" ind1=" " ind2=" ">
    <subfield code="a">0</subfield>
    <subfield code="b">ibc</subfield>
    <subfield code="c">orignew</subfield>
    <subfield code="d">2</subfield>
    <subfield code="e">epcn</subfield>
    <subfield code="f">20</subfield>
    <subfield code="g">y-gencatlg</subfield>
  </datafield>
  <datafield tag="942" ind1=" " ind2=" ">
    <subfield code="2">ddc</subfield>
    <subfield code="n">0</subfield>
    <subfield code="c">BK</subfield>
    <subfield code="h">005.2762</subfield>
    <subfield code="i">D858p</subfield>
    <subfield code="k">CIR</subfield>
    <subfield code="m">2022</subfield>
    <subfield code="e">23</subfield>
  </datafield>
  <datafield tag="952" ind1=" " ind2=" ">
    <subfield code="0">0</subfield>
    <subfield code="1">0</subfield>
    <subfield code="2">ddc</subfield>
    <subfield code="4">0</subfield>
    <subfield code="7">0</subfield>
    <subfield code="a">CSPC</subfield>
    <subfield code="b">CSPC</subfield>
    <subfield code="c">CIR</subfield>
    <subfield code="d">2025-03-25</subfield>
    <subfield code="l">4</subfield>
    <subfield code="o">CIR 005.2762 D858p 2022</subfield>
    <subfield code="p">029310</subfield>
    <subfield code="r">2025-11-21 12:28:25</subfield>
    <subfield code="s">2025-11-05</subfield>
    <subfield code="t">1-5</subfield>
    <subfield code="w">2025-03-25</subfield>
    <subfield code="y">BK</subfield>
  </datafield>
  <datafield tag="952" ind1=" " ind2=" ">
    <subfield code="0">0</subfield>
    <subfield code="1">0</subfield>
    <subfield code="2">ddc</subfield>
    <subfield code="4">0</subfield>
    <subfield code="7">0</subfield>
    <subfield code="a">CSPC</subfield>
    <subfield code="b">CSPC</subfield>
    <subfield code="c">CIR</subfield>
    <subfield code="d">2025-03-25</subfield>
    <subfield code="l">0</subfield>
    <subfield code="o">CIR 005.2762 D858p 2022</subfield>
    <subfield code="p">029317</subfield>
    <subfield code="r">2025-03-25 14:21:59</subfield>
    <subfield code="t">2-5</subfield>
    <subfield code="w">2025-03-25</subfield>
    <subfield code="y">BK</subfield>
  </datafield>
  <datafield tag="952" ind1=" " ind2=" ">
    <subfield code="0">0</subfield>
    <subfield code="1">0</subfield>
    <subfield code="2">ddc</subfield>
    <subfield code="4">0</subfield>
    <subfield code="7">0</subfield>
    <subfield code="a">CSPC</subfield>
    <subfield code="b">CSPC</subfield>
    <subfield code="c">CIR</subfield>
    <subfield code="d">2025-07-22</subfield>
    <subfield code="l">2</subfield>
    <subfield code="o">CIR 005.2762 D858p 2022</subfield>
    <subfield code="p">029709</subfield>
    <subfield code="r">2025-11-20 14:32:17</subfield>
    <subfield code="s">2025-10-29</subfield>
    <subfield code="t">3-5</subfield>
    <subfield code="w">2025-07-22</subfield>
    <subfield code="y">BK</subfield>
  </datafield>
  <datafield tag="952" ind1=" " ind2=" ">
    <subfield code="0">0</subfield>
    <subfield code="1">0</subfield>
    <subfield code="2">ddc</subfield>
    <subfield code="4">0</subfield>
    <subfield code="7">0</subfield>
    <subfield code="a">CSPC</subfield>
    <subfield code="b">CSPC</subfield>
    <subfield code="c">CIR</subfield>
    <subfield code="d">2025-07-22</subfield>
    <subfield code="l">0</subfield>
    <subfield code="o">CIR 005.2762 D858p 2022</subfield>
    <subfield code="p">029710</subfield>
    <subfield code="r">2025-07-22 16:02:43</subfield>
    <subfield code="t">4-5</subfield>
    <subfield code="w">2025-07-22</subfield>
    <subfield code="y">BK</subfield>
  </datafield>
  <datafield tag="952" ind1=" " ind2=" ">
    <subfield code="0">0</subfield>
    <subfield code="1">0</subfield>
    <subfield code="2">ddc</subfield>
    <subfield code="4">0</subfield>
    <subfield code="7">0</subfield>
    <subfield code="a">CSPC</subfield>
    <subfield code="b">CSPC</subfield>
    <subfield code="c">CIR</subfield>
    <subfield code="d">2026-03-06</subfield>
    <subfield code="l">0</subfield>
    <subfield code="o">CIR 005.2762 D858p 2022</subfield>
    <subfield code="p">031346</subfield>
    <subfield code="r">2026-03-06 13:59:54</subfield>
    <subfield code="t">5-5</subfield>
    <subfield code="w">2026-03-06</subfield>
    <subfield code="y">BK</subfield>
  </datafield>
  <datafield tag="999" ind1=" " ind2=" ">
    <subfield code="c">29320</subfield>
    <subfield code="d">29320</subfield>
  </datafield>
</record>
